000 00342nam a22001457a 4500
005 20250626125722.0
008 250626b |||||||| |||| 00| 0 eng d
020 _a 9781844741564
050 _aBS680
_b.R37 CLA
100 _aCLARK DANIEL
245 _aDEAD OR ALIVE?
260 _aENGLAND
_bIVP
_cc2001
300 _a200p
942 _2lcc
_cBK
_n0
999 _c6712
_d6712